Снижение расхода энергии при работе систем отопления и вентиляции

Dades bibliogràfiques
Autor principal: Богуславский Л. Д. Леонтий Давыдович
Idioma:rus
Publicat: Москва, Стройиздат, 1985
Edició:2-е изд., перераб. и доп.
Col·lecció:Экономия топлива и электроэнергии
Matèries:
Format: Llibre
KOHA link:https://koha.lib.tpu.ru/cgi-bin/koha/opac-detail.pl?biblionumber=93636

MARC

LEADER 00000nam0a2200000 4500
001 93636
005 20231031105259.0
035 |a (RuTPU)RU\TPU\book\100248 
090 |a 93636 
100 |a 20060330d1985 m y0rusy50 ca 
101 0 |a rus 
102 |a RU 
105 |a a z 001zy 
200 1 |a Снижение расхода энергии при работе систем отопления и вентиляции  |f Л. Д. Богуславский 
205 |a 2-е изд., перераб. и доп. 
210 |a Москва  |c Стройиздат  |d 1985 
215 |a 336 с.  |c ил. 
225 1 |a Экономия топлива и электроэнергии 
320 |a Библиогр.: с. 338. 
610 1 |a отопление 
610 1 |a вентиляция 
610 1 |a энергосберегающие мероприятия 
610 1 |a потеря 
675 |a 697  |v 3 
700 1 |a Богуславский  |b Л. Д.  |g Леонтий Давыдович 
801 1 |a RU  |b 63413507  |c 20060330  |g PSBO 
801 2 |a RU  |b 63413507  |c 20061003  |g PSBO 
942 |c BK